Application prototyping: a requirements definition strategy for the 80s

I tiakina i:
Ngā taipitopito rārangi puna kōrero
Kaituhi matua: Boar, Bernard H
Hōputu: Pukapuka
Reo:Ingarihi
I whakaputaina: New York, USA John Wiley 1984
Ngā marau:
Ngā Tūtohu: Tāpirihia he Tūtohu
Kāore He Tūtohu, Me noho koe te mea tuatahi ki te tūtohu i tēnei pūkete!

MARC

LEADER 00000nam a2200000 a 4500
001 UCT0376
003 CL-VaPUC
005 20231213190715.0
008 960830e19840000US |||||||||||||||||eng|d
999 |c 251384  |d 251382 
040 |c Pontificia Universidad Católica de Valparaíso 
082 0 4 |a 658.401 BOA 1984  |2 21 
100 0 |a Boar, Bernard H  |9 369017 
245 1 0 |a Application prototyping: a requirements definition strategy for the 80s 
260 0 3 |a New York, USA  |b John Wiley  |c 1984 
300 |a 210 páginas 
583 |a last modification  |c 19960830 00:00:00  |k Rodrigo Vera 
650 0 |a Administración de empresas   |9 260833 
650 0 |a Sistemas de información   |9 260286 
650 0 |a Empresas   |9 255569 
650 0 |a Proceso de datos   |9 259776 
650 0 |a Marketing  |9 259324 
650 0 |a Computadores  |9 258188 
650 7 |a ESTRATEGIAS DE DESARROLLO  |2 CL-VaPUC  |9 369018 
650 7 |a RECUPERACION DE LA INFORMACION  |2 CL-VaPUC  |9 368897 
942 |c BK  |2 ddc 
945 |d 19960830 00:00:00  |a nastorga 
952 |0 0  |1 0  |2 ddc  |4 0  |6 658_401000000000000_BOA_1984  |7 0  |8 A  |9 270498  |a BIBING  |b BIBING  |d 2019-11-19  |i 3225224  |o 658.401 BOA 1984  |p 3225224  |r 2025-01-20  |t 1  |w 2019-11-19  |y BK  |k EII